Wuthering heights

محفوظ في:
التفاصيل البيبلوغرافية
المؤلف الرئيسي: Brontë, Emily (مؤلف)
التنسيق: كتاب
اللغة:الإنجليزية
منشور في: Nueva York The Pocket Library 1954
الموضوعات:
الوسوم: إضافة وسم
لا توجد وسوم, كن أول من يضع وسما على هذه التسجيلة!

MARC

LEADER 00000nam a2200000 a 4500
001 UCZ5954
003 CL-VaPUC
008 951130e19540000US |||||||||||||||||eng|d
082 0 4 |a 823  |b BRO  |2 21 
100 0 |a Brontë, Emily  |e author  |9 332916 
245 1 0 |a Wuthering heights 
300 |a 408 p 
942 |c BK 
945 |d 19951130 00:00:00  |a rleighto 
260 |a Nueva York  |b The Pocket Library  |c 1954 
650 0 |a Novelas inglesas  |9 265220 
583 |a last modification  |c 19951130 00:00:00  |k Rodrigo Vera 
999 |c 242226  |d 242224 
952 |0 0  |1 0  |4 0  |6 823_000000000000000_BRO_1954  |7 0  |8 A  |9 255030  |a BIBEDU  |b BIBEDU  |d 2019-11-19  |i 315677K  |o 823 BRO 1954  |p 315677K  |r 2019-11-19  |w 2019-11-19  |y BK  |k LIT 
952 |0 0  |1 0  |4 0  |6 823_000000000000000_BRO_1954  |7 0  |8 A  |9 255031  |a BIBEDU  |b BIBEDU  |d 2019-11-19  |i 193242K  |l 2  |m 2  |o 823 BRO 1954  |p 193242K  |r 2024-04-12  |s 2024-04-03  |w 2019-11-19  |y BK  |k LIT 
952 |0 0  |1 0  |4 0  |6 823_000000000000000_BRO_1954  |7 0  |8 A  |9 255032  |a BIBEDU  |b BIBEDU  |d 2019-11-19  |i 3770184  |o 823 BRO 1954  |p 3770184  |r 2019-11-19  |w 2019-11-19  |y BK  |k LIT